| 000 | 00625nam a2200217 i 4500 | ||
|---|---|---|---|
| 001 | bg | ||
| 100 | 1 | _aSZYMKIEWICZ, Romuald | |
| 245 | 1 | 0 |
_aMetody numeryczne w inżynierii wodnej / _cRomuald Szymkiewicz. |
| 260 |
_aGdańsk : _bWydaw. Politechniki Gdańskiej, _c2003. |
||
| 300 |
_a234 s. : _brys. ; _c24 cm. |
||
| 504 | _aBibliogr. | ||
| 650 | 9 |
_aAnaliza numeryczna _xstosowanie |
|
| 650 | 9 |
_aPrzepływ _xhydrologia _xbadanie _xmetody |
|
| 020 | _a8373480455 | ||
| 040 | _cBPK | ||
| 041 | 0 | _apol | |
| 080 | _a532:556:519.61/.64 | ||
| 920 | _a83-7348-045-5 | ||
| 942 | _cKS | ||
| 008 | s pl f |000 0 pol | ||
| 999 |
_c43083 _d43083 |
||
| 856 |
_uhttp://koha.tu.koszalin.pl/cgi-bin/koha/opac-detail.pl?biblionumber=43083 _yKatalog online BPK |
||